Statistiques concernant 20 chiens de fiction

Cliquez ici pour prendre le quiz!

Statistiques générales

  • Ce quiz a été pris 11 587 fois
    (11 569 depuis la dernière actualisation)
  • Le résultat moyen est 11 sur 20

Statistiques - réponses

IndiceNom% Correct
Célèbre chien qui accompagne Astérix et Obélix dans leurs aventuresIdéfix
97%
Fox-terrier à poil dur de TintinMilou
93%
Cocker roux meilleur ami de Boule, un jeune garçonBill
90%
Un des meilleurs amis de Mickey Mouse, légèrement simpletDingo
82%
Compagnon de Rox, un renard, dans un classique DisneyRouky
81%
Compagnon récurrent de Lucky LukeRantanplan
78%
Saint-bernard héros d'une série de huit filmsBeethoven
63%
Chien blanc à éclair noir, 'star malgré lui'Volt
62%
Chien surdoué qui vit des aventures avec Bernie, son dogsitterCorneil
60%
Dans la première génération, peut évoluer en Aquali, Voltali, ou PyroliEvoli
60%
Grand danois, mascotte de l'équipe de la 'Mystery Machine'Scooby-Doo
56%
Chien flic héros d'une série TV des années 90Rex
52%
Chien-loup héros d'un roman de Jack LondonCroc-Blanc
43%
Beagle, personnage principal de PeanutsSnoopy
37%
Père (et père adoptif) de 99 dalmatiens dans un classique de DisneyPongo
33%
Grand chien à trois têtes, gardien de la pierre philosophaleTouffu
33%
Il est également footballeur chez Chabat, sous le nom d'HazanaviciusDidier
32%
Il est introuvable chez Hergé comme chez Nino Ferrer - l'avez-vous vu ?Mirza
29%
Chien ninja dévoué à Kiba, dans le manga NarutoAkamaru
21%
Chien extraterrestre aux pouvoirs similaires à ceux de SupermanKrypto
20%

Distribution des résultats

Percentile par nombre de réponses

% des personnes avec chaque résultat

Votre développement - résultats

Vous n’avez pas pris ce quiz depuis la dernière actualisation